<?xml version="1.0" encoding="UTF-8"?>
<record
    xmlns:xsi="http://www.w3.org/2001/XMLSchema-instance"
    xsi:schemaLocation="http://www.loc.gov/MARC21/slim http://www.loc.gov/standards/marcxml/schema/MARC21slim.xsd"
    xmlns="http://www.loc.gov/MARC21/slim">

  <leader>01825nab a2200253 ab4500</leader>
  <controlfield tag="005">20260702125948.0</controlfield>
  <controlfield tag="008">260604b2025    sp tr poo|    0   0 spa d</controlfield>
  <controlfield tag="003"></controlfield>
  <datafield tag="040" ind1=" " ind2=" ">
    <subfield code="a">MX-MxUPN</subfield>
    <subfield code="b">spa</subfield>
    <subfield code="c">MX-MxUPN</subfield>
    <subfield code="e">aacr2</subfield>
  </datafield>
  <datafield tag="100" ind1="1" ind2=" ">
    <subfield code="a">Fernandez Villanueva, Mar&#xED;a Concepci&#xF3;n</subfield>
    <subfield code="9">60191</subfield>
  </datafield>
  <datafield tag="100" ind1="1" ind2=" ">
    <subfield code="a">Romero Delgado, Marta</subfield>
    <subfield code="9">60192</subfield>
  </datafield>
  <datafield tag="245" ind1="1" ind2="0">
    <subfield code="a">Legitimaci&#xF3;n de las violencias sexuales a trav&#xE9;s de las obras pict&#xF3;ricas</subfield>
    <subfield code="h">[recurso electr&#xF3;nico en l&#xED;nea]</subfield>
  </datafield>
  <datafield tag="506" ind1="0" ind2=" ">
    <subfield code="a">Acceso abierto</subfield>
  </datafield>
  <datafield tag="520" ind1="3" ind2=" ">
    <subfield code="a">Desde una perspectiva pluridisciplinar donde convergen la sociolog&#xED;a visual y la perspectiva feminista, analizamos la representaci&#xF3;n y legitimaci&#xF3;n de la violencia sexual en algunas pinturas reconocidas como obras de arte en la historia. El objetivo es revisar las intenciones, implicaciones y funciones de las pinturas recogidas en los museos que naturalizan la violencia sexual a trav&#xE9;s de la legitimaci&#xF3;n simb&#xF3;lica. Los resultados m&#xE1;s relevantes son:  a) la omisi&#xF3;n o minimizaci&#xF3;n del da&#xF1;o producido por la violencia sexual y el embellecimiento de las v&#xED;ctimas, b) la mayor deslegitimaci&#xF3;n de la violencia sexual por parte de las mujeres artistas y c) la evoluci&#xF3;n hist&#xF3;rica de la mirada a la violencia sexual. Finalmente, presentamos algunas sugerencias que se pueden derivar para favorecer una mirada cr&#xED;tica a la representaci&#xF3;n de las obras de arte en los museos. </subfield>
    <subfield code="c">REIS</subfield>
  </datafield>
  <datafield tag="650" ind1=" " ind2="2">
    <subfield code="a">Pintura</subfield>
    <subfield code="9">2766</subfield>
  </datafield>
  <datafield tag="650" ind1=" " ind2="4">
    <subfield code="a">Violencia en el arte</subfield>
    <subfield code="9">27063</subfield>
  </datafield>
  <datafield tag="653" ind1=" " ind2=" ">
    <subfield code="a">Violencia sexual</subfield>
  </datafield>
  <datafield tag="653" ind1=" " ind2=" ">
    <subfield code="a">Mirada cr&#xED;tica</subfield>
  </datafield>
  <datafield tag="773" ind1=" " ind2=" ">
    <subfield code="g">No. 193 (2025), p. 37-52</subfield>
    <subfield code="t">REIS: revista espa&#xF1;ola de investigaciones sociol&#xF3;gicas</subfield>
    <subfield code="x">1988-5903</subfield>
  </datafield>
  <datafield tag="856" ind1="4" ind2=" ">
    <subfield code="u">https://reis.cis.es/index.php/reis/article/view/2478</subfield>
  </datafield>
  <datafield tag="856" ind1="4" ind2=" ">
    <subfield code="u">https://reis.cis.es/index.php/reis/article/view/2478/3057</subfield>
  </datafield>
  <datafield tag="902" ind1=" " ind2=" ">
    <subfield code="a">Leonor Sotres/020726</subfield>
  </datafield>
  <datafield tag="942" ind1=" " ind2=" ">
    <subfield code="c">ART-E</subfield>
  </datafield>
  <datafield tag="952" ind1=" " ind2=" ">
    <subfield code="0">0</subfield>
    <subfield code="1">0</subfield>
    <subfield code="4">0</subfield>
    <subfield code="7">0</subfield>
    <subfield code="8">CAA</subfield>
    <subfield code="a">BCUPN50</subfield>
    <subfield code="b">BCUPN50</subfield>
    <subfield code="c">ENL</subfield>
    <subfield code="d">2026-07-02</subfield>
    <subfield code="l">0</subfield>
    <subfield code="r">2026-07-02 12:59:08</subfield>
    <subfield code="u">https://reis.cis.es/index.php/reis/article/view/2478/3057</subfield>
    <subfield code="w">2026-07-02</subfield>
    <subfield code="y">ART-E</subfield>
  </datafield>
  <datafield tag="999" ind1=" " ind2=" ">
    <subfield code="c">215491</subfield>
    <subfield code="d">215491</subfield>
  </datafield>
</record>
